000 00945nam a22003257a 4500
001 BR2019000985
003 BR-BrBNA
005 20230928105430.0
007 ta
008 230509b bl.||||| |||| 00| 0 por d
020 _a978-85-7773-188-6
040 _aBR-BrBNA
_bpor
_cBiblioteca Nacional de Agricultura
041 _a(Por)
072 _aL10
090 _ L10 BR2019000985
100 1 _aBorba, C. de M.
100 1 _aPereira, M.E. de C.
245 1 _aOrganismos geneticamente modificados: como trabalhar legalmente?
_bBiossegurança de OGMs; v. 2
260 3 _aRio de Janeiro, RJ (Brasil):
_bPublit,
_c2009.
300 _a118 p.
500 _aGlossary p. 105-118; 9 ref.; 3 illus.
650 _aORGANISMO TRANSGÊNICO
650 _aGENÉTICA
650 _aBIOSSEGURANÇA
650 _aSELO DE QUALIDADE
650 _aLEGISLAÇÃO
650 _aREGULAMENTAÇÃO
909 _a202309
_bLucia
_c55
_dLucia Elande
942 _cBK
999 _c85109
_d85109